<?xml version='1.0' encoding='UTF-8'?>
  <record xmlns="http://www.loc.gov/MARC21/slim">
    <leader>00000cam a2200000 i 4500</leader>
    <controlfield tag="001">ocm66120613</controlfield>
    <controlfield tag="003">OCoLC</controlfield>
    <controlfield tag="005">20240711122409.6</controlfield>
    <controlfield tag="008">921223s1564    be            000 0 dut d</controlfield>
    <datafield tag="040" ind1=" " ind2=" ">
      <subfield code="a">NLGGC</subfield>
      <subfield code="b">dut</subfield>
      <subfield code="e">fobidrtb</subfield>
      <subfield code="c">NLGGC</subfield>
      <subfield code="d">QGJ</subfield>
      <subfield code="d">OCLCA</subfield>
      <subfield code="d">OCLCO</subfield>
      <subfield code="d">OCLCL</subfield>
      <subfield code="d">OCLCQ</subfield>
    </datafield>
    <datafield tag="029" ind1="0" ind2=" ">
      <subfield code="a">NLGGC</subfield>
      <subfield code="b">101206410</subfield>
    </datafield>
    <datafield tag="035" ind1=" " ind2=" ">
      <subfield code="a">(OCoLC)66120613</subfield>
    </datafield>
    <datafield tag="041" ind1="1" ind2=" ">
      <subfield code="a">dut</subfield>
      <subfield code="h">lat</subfield>
      <subfield code="h">grc</subfield>
    </datafield>
    <datafield tag="100" ind1="1" ind2=" ">
      <subfield code="a">Josephus, Flavius,</subfield>
      <subfield code="d">ca. 37-ca. 100.</subfield>
      <subfield code="1">https://id.oclc.org/worldcat/entity/E39PBJxRwPRffm3YdB46W9hbVC</subfield>
    </datafield>
    <datafield tag="245" ind1="1" ind2="0">
      <subfield code="a">Flavij Josephi des vermaerdē Joetschen hystorie scriuers seuen boecken, van die Joetsche oorloghe, ende Destructie vā Jerusalē. /</subfield>
      <subfield code="c">Wten Griecxschē in Latijn, en̄ voorts wten Latine, nu eerst in Duytschen ghestelt [door Nicolaus van Winghe], met een onderwijs van een Prologe, thoonende die nutticheyt deser Hystorien ; ende nu anderwerf gecorrigeert ende verbetert. ; Des selfs Josephi leuen, by den seluen ghescreuen, ende nu corts wten Griecxschen int claer ghecomen.</subfield>
    </datafield>
    <datafield tag="246" ind1="3" ind2=" ">
      <subfield code="a">Flavii Josephi des vermaerden Joetschen hystorie scrivers seven boecken, van die Joetsche oorloghe</subfield>
    </datafield>
    <datafield tag="246" ind1="3" ind2=" ">
      <subfield code="a">Seven boecken, van die Joetsche oorloghe, ende Destructie vā Jerusalem</subfield>
    </datafield>
    <datafield tag="260" ind1=" " ind2=" ">
      <subfield code="a">Gheprint Thantwerpen :</subfield>
      <subfield code="b">... Bi mi Claes Vanden Wouwere,</subfield>
      <subfield code="c">1564.</subfield>
    </datafield>
    <datafield tag="300" ind1=" " ind2=" ">
      <subfield code="a">[118] bl. :</subfield>
      <subfield code="b">gegrav. titelbl. ;</subfield>
      <subfield code="c">in-2.</subfield>
    </datafield>
    <datafield tag="336" ind1=" " ind2=" ">
      <subfield code="a">tekst</subfield>
      <subfield code="b">txt</subfield>
      <subfield code="2">rdacontent/dut</subfield>
    </datafield>
    <datafield tag="337" ind1=" " ind2=" ">
      <subfield code="a">zonder medium</subfield>
      <subfield code="b">n</subfield>
      <subfield code="2">rdamedia/dut</subfield>
    </datafield>
    <datafield tag="338" ind1=" " ind2=" ">
      <subfield code="a">band</subfield>
      <subfield code="b">nc</subfield>
      <subfield code="2">rdacarrier/dut</subfield>
    </datafield>
    <datafield tag="500" ind1=" " ind2=" ">
      <subfield code="a">mal 6  A-S 6  T 4.</subfield>
    </datafield>
    <datafield tag="500" ind1=" " ind2=" ">
      <subfield code="a">Lettertype gotisch.</subfield>
    </datafield>
    <datafield tag="500" ind1=" " ind2=" ">
      <subfield code="a">Impressum: Gheprint Thantwerpen op die Lombaerde veste, teghen over die Gulden hant, bi mi Claes vanden Wouwere. Anno M.CCCC.LXIIII.</subfield>
    </datafield>
    <datafield tag="500" ind1=" " ind2=" ">
      <subfield code="a">Colofon: Gheprint Thantwerpen, op dye Lombaerde Veste, tegen die Gulde hant over. By my Claes vanden Wouwere. Int jaer ons Heeren M.CCCCC. ende. LXIIII. Den achtsten dach van Junius.</subfield>
    </datafield>
    <datafield tag="510" ind1="4" ind2=" ">
      <subfield code="a">Poortman,</subfield>
      <subfield code="c">2, 210 (vgl.)</subfield>
    </datafield>
    <datafield tag="600" ind1="1" ind2="4">
      <subfield code="a">Josephus, Flavius,</subfield>
      <subfield code="d">ca. 37-ca. 100.</subfield>
      <subfield code="0">(NL-LeOCL)069071632</subfield>
    </datafield>
    <datafield tag="700" ind1="1" ind2=" ">
      <subfield code="a">Winghe, Nicolaus von,</subfield>
      <subfield code="d">ca. 1495-1552.</subfield>
      <subfield code="1">https://id.oclc.org/worldcat/entity/E39PCjJtBRQp4PdVTKXPTtDQFX</subfield>
    </datafield>
    <datafield tag="710" ind1="0" ind2=" ">
      <subfield code="a">Wouwere, Claes van den (Antwerpen)</subfield>
      <subfield code="4">prt</subfield>
      <subfield code="0">(NL-LeOCL)081481446</subfield>
    </datafield>
    <datafield tag="936" ind1=" " ind2=" ">
      <subfield code="a">BATCHLOAD</subfield>
    </datafield>
  </record>